000
00346pam a2200157a 44500
008
230515b1997 xxu||||| |||| 00| 0 eng d
020
_a
NULL
041
_a
ENGLISH
082
_a
N.D.
100
_a
Axelson/ Jan
245
_a
The Microcontroller Idea Book
250
_a
0
260
_a
NULL
_b
Pri Pub
_c
1997
300
_a
277
650
_a
NULL
999
_c
587118
_d
587118